| 000 | 00337nam a2200145Ia 4500 | ||
|---|---|---|---|
| 008 | 230312s9999||||xx |||||||||||||| ||und|| | ||
| 020 | _a978-93-325-5716 | ||
| 082 |
_a621.392 _bBHA-V |
||
| 100 | _aBhasker ,j | ||
| 245 | 0 | _aVHDL Primer | |
| 260 |
_bPearson _aIndia _c2016 |
||
| 300 | _a394 | ||
| 650 |
_aComputer _vComputer |
||
| 942 | _cBK | ||
| 999 |
_c15682 _d15682 |
||